000 00477nam a2200145Ia 4500
008 191023s9999 xx 000 0 und d
020 _a9781285747262
100 _aGough, Chris.
245 _cChris Gough, Susan Hutchison.--
_aExam essentials practice test 2 IELTS /
260 _aUSA :
_bNational Geographic Learning
_c2015
300 _a216 pages.
500 _awith CD accompaniment
650 _aEnglish language
650 _aInternational English Language Testing System
999 _c362318
_d362318